| 000 | 00895nam0a22002531 4500 | ||
|---|---|---|---|
| 001 | v19\rc\1566547 | ||
| 005 | 20260406185747.0 | ||
| 035 | _a(NLR Aleph) 004696850 | ||
| 090 |
_a4012002 _c4012002 |
||
| 100 | _a20061002d1891 |||y0rusy50 ca | ||
| 101 | 0 | _arus | |
| 102 | _aRU | ||
| 105 | _ay z ||||| | ||
| 200 | 1 | _aПравила и программы полукурсовых испытаний на Медицинском факультете Университета св. Владимира | |
| 210 |
_aКиев _d1891 |
||
| 215 |
_a55 с. _d25 |
||
| 710 | 0 | 2 |
_aУниверситет св. Владимира _cКиев _bМедицинский факультет _3RU\NLR\AUTH\889951474 _9398905 |
| 801 | 0 |
_aRU _bNLR _gpsbo |
|
| 801 | 0 |
_aRU _bRuMoRGB _2psbo |
|
| 801 | 1 |
_aRU _bProSoft-M _2rusmarc |
|
| 852 |
_aNLR _j18.207.2.273(1) |
||
| 899 |
_aRuMoRGB _jA 186/854 |
||
| 942 | _cBOOK | ||
| 980 | _aNB | ||